Départements contenant la lettre Y - Statistiques

Statistiques générales
  • Ce quiz a été pris 30 fois
  • Le résultat moyen est 8 sur 10
Statistiques - réponses
Département % Correct
Yvelines
96%
Yonne
93%
Hautes Pyrénées
82%
Puy de Dôme
82%
Pyrénées Atlantiques
82%
Pyrénées Orientales
82%
Aveyron
71%
Mayenne
71%
Guyane
68%
Mayotte
68%
Aucun quiz correspondant
Distribution des résultats
% des personnes avec chaque résultat
Percentile par nombre de réponses
Votre historique - résultats
Vous n’avez pas pris ce quiz